[Event "First Saturday GM DR May 2013"]
[Site "Budapest"]
[Date "2013.05.04"]
[Round "1.2"]
[White "Atabayev, Maksat"]
[Black "Chernyshov, Konstantin"]
[Result "1/2-1/2"]
[WhiteElo "2452"]
[BlackElo "2518"]
[PlyCount "70"]
[EventDate "2013.05.04"]

1. e4 e6 2. d4 d5 3. Nc3 Be7 4. Nf3 Nf6 5. Bd3 dxe4 6. Nxe4 Nxe4 7. Bxe4 Nd7 8.
O-O Nf6 9. Bd3 O-O 10. Ne5 Nd7 11. Qe2 Nxe5 12. dxe5 Qd4 13. Rd1 Qh4 14. g3 Qh3
15. Be4 f5 16. exf6 Bxf6 17. c3 c6 18. Qc4 Rf7 19. Be3 e5 20. Rd2 Be6 21. Qf1
Qh5 22. Qd1 Bg4 23. f3 Bg5 24. Bxg5 Qxg5 25. Rd3 Bf5 26. Qe2 Raf8 27. Rad1 h5
28. Bxf5 Qxf5 29. Re3 e4 30. f4 Re8 31. Rd4 Rfe7 32. Kg2 h4 33. Qc4+ Kf8 34.
Rd6 Re6 35. Qd4 c5 1/2-1/2

[Event "First Saturday GM DR May 2013"]
[Site "Budapest"]
[Date "2013.05.05"]
[Round "2.1"]
[White "Chernyshov, Konstantin"]
[Black "Annageldyev, Orazly"]
[Result "1-0"]
[WhiteElo "2518"]
[BlackElo "2397"]
[PlyCount "41"]
[EventDate "2013.05.04"]

1. Nf3 Nf6 2. b3 g6 3. Bb2 Bg7 4. d4 O-O 5. c4 c5 6. d5 b5 7. Nbd2 bxc4 8. bxc4
e6 9. dxe6 fxe6 10. e3 Nc6 11. Bd3 Rb8 12. Nb3 Qe7 13. O-O d6 14. Bc3 Bb7 15.
Nbd2 Rbd8 16. Qb3 Kh8 17. Rab1 Ba8 18. Qc2 d5 19. Nb3 d4 20. exd4 Ne4 21. Bxe4
1-0

[Event "First Saturday GM DR May 2013"]
[Site "Budapest"]
[Date "2013.05.05"]
[Round "2.2"]
[White "Kalegin, Evgenij"]
[Black "Atabayev, Maksat"]
[Result "0-1"]
[WhiteElo "2447"]
[BlackElo "2452"]
[PlyCount "126"]
[EventDate "2013.05.04"]

1. e4 c5 2. Nf3 d6 3. Bb5+ Nd7 4. c3 Ngf6 5. Qe2 a6 6. Ba4 b5 7. Bc2 e5 8. O-O
Bb7 9. d4 Be7 10. a4 O-O 11. axb5 axb5 12. Rxa8 Qxa8 13. d5 c4 14. Na3 Qa5 15.
Be3 Rc8 16. Nd2 Ba6 17. Bb1 Nc5 18. Bxc5 Rxc5 19. Nc2 Rc8 20. Nb4 Bb7 21. Rd1
Bd8 22. Nf1 Bb6 23. Ne3 Bc5 24. Nf5 Qd8 25. h3 g6 26. Nh6+ Kg7 27. Ng4 Nxg4 28.
Qxg4 h5 29. Qf3 Qg5 30. Bc2 Ra8 31. Kf1 Bc8 32. Qg3 Qxg3 33. fxg3 Bxb4 34. cxb4
Ra2 35. Rb1 c3 36. Ke2 f5 37. Kd3 cxb2 38. Kc3 Ra3+ 39. Bb3 Ra1 40. Kxb2 Rxb1+
41. Kxb1 f4 42. gxf4 exf4 43. Bd1 Kf6 44. Kc2 Ke5 45. Kd3 h4 46. Bf3 Bd7 47.
Be2 Be8 48. Bg4 g5 49. Bf5 Bf7 50. Bh7 Bh5 51. Bf5 Bd1 52. Bd7 f3 53. gxf3 Bxf3
54. Bxb5 g4 55. Ke3 Bxe4 56. Bd7 g3 57. b5 Bxd5 58. Bc8 Be6 59. Bb7 d5 60. b6
Kd6 61. Ba8 Kd7 62. Kf3 d4 63. Kg2 d3 0-1

[Event "First Saturday GM DR May 2013"]
[Site "Budapest"]
[Date "2013.05.05"]
[Round "2.3"]
[White "Berczes, David"]
[Black "Papp, Petra"]
[Result "1-0"]
[WhiteElo "2532"]
[BlackElo "2307"]
[PlyCount "61"]
[EventDate "2013.05.04"]

1. d4 Nf6 2. c4 g6 3. f3 Nc6 4. d5 Ne5 5. e4 d6 6. Nc3 Bg7 7. f4 Ned7 8. Nh3
O-O 9. Nf2 c6 10. Be3 Re8 11. Be2 Qc7 12. Qd2 e5 13. f5 Nc5 14. g4 a5 15. g5
Nfxe4 16. Nfxe4 Nxe4 17. Nxe4 gxf5 18. Nf6+ Bxf6 19. gxf6 f4 20. Bd3 Kh8 21.
Qg2 Rg8 22. Qe4 Rg6 23. h4 cxd5 24. cxd5 h5 25. Bxf4 Qb6 26. O-O-O Bg4 27. Be3
Qc7+ 28. Kb1 Bxd1 29. Rxd1 Qd7 30. Rg1 Rag8 31. Rg5 1-0

[Event "First Saturday GM DR May 2013"]
[Site "Budapest"]
[Date "2013.05.06"]
[Round "3.1"]
[White "Atabayev, Maksat"]
[Black "Berczes, David"]
[Result "1/2-1/2"]
[WhiteElo "2452"]
[BlackElo "2532"]
[PlyCount "64"]
[EventDate "2013.05.04"]

1. e4 e5 2. Nf3 Nc6 3. Bb5 a6 4. Ba4 Nf6 5. d3 d6 6. c3 Be7 7. O-O O-O 8. Nbd2
Bg4 9. h3 Bh5 10. Re1 Nd7 11. Nf1 Nc5 12. Bc2 Ne6 13. Ng3 Bxf3 14. Qxf3 Bg5 15.
Be3 g6 16. Bb3 Bxe3 17. Qxe3 Nf4 18. Ne2 Nxe2+ 19. Rxe2 Kg7 20. Bd5 f5 21. exf5
Rxf5 22. Bxc6 bxc6 23. d4 Qf6 24. Rae1 a5 25. Qe4 Rf8 26. f3 exd4 27. Qxc6 Rf7
28. Re6 Qg5 29. Qc4 Rxf3 30. Qxd4+ Kh6 31. R6e4 R3f4 32. Rxf4 Rxf4 1/2-1/2

[Event "First Saturday GM DR May 2013"]
[Site "Budapest"]
[Date "2013.05.06"]
[Round "3.3"]
[White "Atabayev, Yusup"]
[Black "Chernyshov, Konstantin"]
[Result "1-0"]
[WhiteElo "2407"]
[BlackElo "2518"]
[PlyCount "107"]
[EventDate "2013.05.04"]

1. e4 c5 2. Nf3 Nc6 3. d4 cxd4 4. Nxd4 Nf6 5. Nc3 e6 6. g3 d6 7. Bg2 Bd7 8. O-O
a6 9. h3 Rc8 10. g4 h6 11. Be3 Ne5 12. a4 Qc7 13. Nde2 Nc4 14. Bc1 b5 15. axb5
axb5 16. b3 Ne5 17. Be3 Be7 18. f4 Ng6 19. Ra7 Qb8 20. Qa1 O-O 21. g5 hxg5 22.
fxg5 Nh7 23. Rxd7 b4 24. Ba7 Qa8 25. e5 d5 26. Nxd5 exd5 27. Bxd5 Rc6 28. Nd4
Bc5 29. Rfxf7 Rxf7 30. Rxf7 Kh8 31. Bxc6 Qxc6 32. Bxc5 Qxc5 33. Qa8+ Nhf8 34.
Qe4 Ne6 35. Qxg6 Qxd4+ 36. Rf2 Qxe5 37. Qh5+ Kg8 38. Qg4 g6 39. h4 Ng7 40. Qf4
Qe7 41. Qc4+ Kh7 42. Rf7 Qe1+ 43. Kg2 Qd1 44. Kf2 Qd2+ 45. Kf3 Qe1 46. Rc7 Qd1+
47. Ke4 Qh1+ 48. Ke5 Qa1+ 49. Kd5 Qa8+ 50. Qc6 Qa1 51. Qd7 Qd1+ 52. Kc4 Qxc2+
53. Kxb4 Qe4+ 54. Ka3 1-0

[Event "First Saturday GM DR May 2013"]
[Site "Budapest"]
[Date "2013.05.07"]
[Round "4.1"]
[White "Kalegin, Evgenij"]
[Black "Atabayev, Yusup"]
[Result "0-1"]
[WhiteElo "2447"]
[BlackElo "2407"]
[PlyCount "148"]
[EventDate "2013.05.04"]

1. e4 c5 2. Nf3 e6 3. d3 d5 4. Qe2 Be7 5. g3 Nf6 6. Bg2 O-O 7. e5 Nfd7 8. O-O
Nc6 9. c4 d4 10. h4 Re8 11. Bf4 f6 12. exf6 Bxf6 13. Ng5 Bxg5 14. Bxg5 Qc7 15.
Nd2 b6 16. Ne4 Bb7 17. h5 h6 18. Bf4 e5 19. Bd2 Nd8 20. f4 Nf7 21. fxe5 Ndxe5
22. Rae1 Re7 23. Bf4 Rae8 24. b3 Qd8 25. Bxe5 Nxe5 26. Rf4 Nf7 27. Qg4 Ng5 28.
Kh2 Qa8 29. Qf5 Nxe4 30. Bxe4 Bxe4 31. Rfxe4 Rxe4 32. dxe4 Qc8 33. Qxc8 Rxc8
34. Kg2 Kf7 35. Rf1+ Ke6 36. Rf5 Rd8 37. Kf2 Rd7 38. Ke2 d3+ 39. Kd2 Rd4 40.
Rd5 Rxe4 41. Rxd3 Rg4 42. Re3+ Kd6 43. Rd3+ Kc6 44. Ke2 Rg5 45. Kf3 Rxh5 46.
Kf4 Rh2 47. Kf5 Rxa2 48. Kg6 Rh2 49. Kxg7 h5 50. Kg6 Rh3 51. Rf3 h4 52. Rf6+
Kb7 53. g4 Rxb3 54. g5 h3 55. Rf7+ Ka6 56. Rh7 Rf3 57. Rh4 b5 58. Re4 bxc4 59.
Rxc4 Kb5 60. Rc1 c4 61. Kh5 h2 62. Kg4 Rf8 63. Rh1 Rh8 64. g6 c3 65. Kf5 c2 66.
g7 Rc8 67. Kf6 c1=Q 68. Rxc1 Rxc1 69. g8=Q Rc6+ 70. Ke5 h1=Q 71. Qb3+ Ka6 72.
Qd3+ Kb7 73. Qd7+ Kb8 74. Qd8+ Rc8 0-1

[Event "First Saturday GM DR May 2013"]
[Site "Budapest"]
[Date "2013.05.07"]
[Round "4.2"]
[White "Berczes, David"]
[Black "Annageldyev, Orazly"]
[Result "1-0"]
[WhiteElo "2532"]
[BlackElo "2397"]
[PlyCount "75"]
[EventDate "2013.05.04"]

1. d4 Nf6 2. Nf3 e6 3. c4 c5 4. d5 b5 5. Bf4 Qa5+ 6. Nc3 exd5 7. cxd5 b4 8. Nb1
c4 9. Nbd2 c3 10. bxc3 bxc3 11. Nc4 Qb4 12. Qd4 Bc5 13. Qe5+ Kf8 14. Qc7 Na6
15. Qd8+ Ne8 16. d6 Bb7 17. Qe7+ Kg8 18. e4 c2+ 19. Nfd2 Bd4 20. Rc1 Nc5 21.
Be5 Qc3 22. Be2 Nf6 23. O-O h6 24. Bxd4 Qxd4 25. Ne5 Rf8 26. Rxc2 Ncxe4 27.
Ndf3 Qxd6 28. Qxd6 Nxd6 29. Rd1 Nc8 30. Nxd7 Nxd7 31. Rxd7 Be4 32. Rcc7 Bf5 33.
Rd5 Be6 34. Rd2 Kh7 35. Nd4 Rd8 36. Bd3+ Kg8 37. Nxe6 fxe6 38. Bg6 1-0

[Event "First Saturday GM DR May 2013"]
[Site "Budapest"]
[Date "2013.05.07"]
[Round "4.3"]
[White "Papp, Petra"]
[Black "Atabayev, Maksat"]
[Result "0-1"]
[WhiteElo "2307"]
[BlackElo "2452"]
[PlyCount "142"]
[EventDate "2013.05.04"]

1. e4 c5 2. Nf3 d6 3. Bb5+ Nd7 4. d4 Ngf6 5. Nc3 cxd4 6. Qxd4 e5 7. Qd3 h6 8.
Be3 a6 9. Bc4 Qc7 10. Bd5 Nc5 11. Qe2 Rb8 12. a4 Be6 13. Bxe6 Nxe6 14. O-O Be7
15. Rfd1 Rc8 16. a5 Nf8 17. Ne1 Qc4 18. Qf3 N8d7 19. Nd3 O-O 20. Ra4 Qe6 21.
Nb4 Rc4 22. Nbd5 Rxa4 23. Nxa4 Nxd5 24. exd5 Qg6 25. Qe2 f5 26. Nb6 Nf6 27. f4
exf4 28. Bxf4 Ne4 29. c4 Re8 30. Qf3 Bf6 31. Na4 Re7 32. c5 dxc5 33. d6 Rf7 34.
d7 Bd8 35. Nb6 Qe6 36. Qd3 Nf6 37. Qb1 Bxb6 38. Rd6 Qe4 39. Qxe4 fxe4 40. Rxb6
Rxd7 41. g3 Kf7 42. Kf2 Nd5 43. Rb3 Ke6 44. Ke2 Nxf4+ 45. gxf4 Kf5 46. Rc3 Kxf4
47. Rxc5 g5 48. Rc8 Rd3 49. Rf8+ Kg4 50. Re8 Rb3 51. Rxe4+ Kf5 52. Re7 Rxb2+
53. Kf3 Rxh2 54. Rf7+ Kg6 55. Rxb7 Ra2 56. Rb6+ Kh5 57. Rxa6 g4+ 58. Kg3 Kg5
59. Ra8 Ra3+ 60. Kg2 h5 61. a6 Kh4 62. a7 g3 63. Kg1 Kh3 64. Rf8 Rxa7 65. Rf1
Ra4 66. Rb1 h4 67. Kh1 Kg4 68. Kg2 h3+ 69. Kg1 h2+ 70. Kg2 Ra2+ 71. Kh1 Kh3 0-1

[Event "First Saturday GM DR May 2013"]
[Site "Budapest"]
[Date "2013.05.07"]
[Round "5.2"]
[White "Atabayev, Yusup"]
[Black "Berczes, David"]
[Result "1/2-1/2"]
[WhiteElo "2407"]
[BlackElo "2532"]
[PlyCount "64"]
[EventDate "2013.05.04"]

1. e4 e5 2. Nf3 Nc6 3. Bb5 a6 4. Ba4 Nge7 5. O-O g6 6. c3 Bg7 7. d4 exd4 8.
cxd4 b5 9. Bb3 O-O 10. Bg5 h6 11. Bf4 d6 12. h3 Na5 13. Bc2 Bb7 14. Nc3 Nc4 15.
b3 Nb6 16. Qd2 g5 17. Bh2 f5 18. Rfe1 Qd7 19. Rad1 b4 20. Na4 Nxa4 21. bxa4
Bxe4 22. Bxe4 fxe4 23. Rxe4 Nd5 24. Rde1 Rae8 25. Qc2 Qf5 26. g4 Qg6 27. Qb3
Rxe4 28. Qxd5+ Qe6 29. Qxe6+ Rxe6 30. Rxe6 Rxf3 31. Re3 Rf8 32. Re4 Rf3 1/2-1/2

[Event "First Saturday GM DR May 2013"]
[Site "Budapest"]
[Date "2013.05.07"]
[Round "5.3"]
[White "Chernyshov, Konstantin"]
[Black "Kalegin, Evgenij"]
[Result "1-0"]
[WhiteElo "2518"]
[BlackElo "2447"]
[PlyCount "121"]
[EventDate "2013.05.04"]

1. d4 Nf6 2. c4 g6 3. Bg5 Ne4 4. Bf4 c5 5. Nd2 Nxd2 6. Qxd2 Bg7 7. d5 O-O 8. e4
b5 9. Nf3 bxc4 10. Bxc4 Ba6 11. Bxa6 Nxa6 12. O-O d6 13. Bh6 Bxh6 14. Qxh6 f6
15. Nd2 Nc7 16. f4 Qe8 17. f5 Qf7 18. Rac1 Nb5 19. Nb3 gxf5 20. Rxf5 Kh8 21.
Qd2 Rg8 22. Rcf1 Rg6 23. a4 Nc7 24. Na5 Rag8 25. g3 e6 26. dxe6 Qxe6 27. Qd3
Ne8 28. Nc4 Rg4 29. Re1 R8g7 30. Rd5 Rd7 31. Re3 Rg8 32. b3 Rgg7 33. Qd1 Rd8
34. Qf3 Re7 35. Rd2 Red7 36. Red3 Re7 37. e5 d5 38. Rxd5 Rxd5 39. Rxd5 Rf7 40.
Rxc5 fxe5 41. Qe4 Nf6 42. Qxe5 Qxe5 43. Nxe5 Rb7 44. Rb5 Rc7 45. Nc4 Kg7 46.
Kf2 Ne4+ 47. Ke3 Nc3 48. Ra5 Rb7 49. Kd3 Na2 50. Rb5 Rd7+ 51. Kc2 Rf7 52. h4
Rf2+ 53. Nd2 Rg2 54. Rg5+ Kf7 55. a5 a6 56. Rg4 Rg1 57. Ra4 Rc1+ 58. Kb2 Rd1
59. Ne4 Nc1 60. Kc2 Re1 61. Nc5 1-0

[Event "First Saturday GM DR May 2013"]
[Site "Budapest"]
[Date "2013.05.08"]
[Round "6.2"]
[White "Papp, Petra"]
[Black "Atabayev, Yusup"]
[Result "0-1"]
[WhiteElo "2307"]
[BlackElo "2407"]
[PlyCount "76"]
[EventDate "2013.05.04"]

1. e4 c5 2. Nf3 d6 3. d4 cxd4 4. Nxd4 Nf6 5. Nc3 a6 6. Be2 e6 7. O-O Qc7 8. f4
Nbd7 9. Bf3 Be7 10. Be3 g6 11. Nb3 e5 12. Be2 exf4 13. Bxf4 O-O 14. Qd2 Ne5 15.
Bg5 Qd8 16. Rad1 Ne8 17. Bh6 Be6 18. Bxf8 Bxf8 19. Nd4 Rc8 20. Nd5 Bxd5 21.
exd5 Nf6 22. Kh1 Bg7 23. c3 Rc5 24. Nb3 Rc7 25. Nd4 Rc5 26. Bf3 h5 27. Qf2 Rc7
28. Rfe1 Kh7 29. Qg3 Ng8 30. Re2 Nh6 31. Be4 Neg4 32. Nf3 Re7 33. Rde1 Rxe4 34.
Rxe4 Nf5 35. Qf4 Bh6 36. Re8 Qb6 37. Qxh6+ Kxh6 38. h3 Ng3# 0-1

[Event "First Saturday GM DR May 2013"]
[Site "Budapest"]
[Date "2013.05.08"]
[Round "6.3"]
[White "Atabayev, Maksat"]
[Black "Annageldyev, Orazly"]
[Result "1-0"]
[WhiteElo "2452"]
[BlackElo "2397"]
[PlyCount "71"]
[EventDate "2013.05.04"]

1. e4 e5 2. Nf3 Nc6 3. Bb5 a6 4. Ba4 g6 5. c3 Bg7 6. d4 exd4 7. cxd4 b5 8. Bb3
Nge7 9. O-O O-O 10. h3 Bb7 11. Nc3 d6 12. Ne2 Na5 13. Bc2 c5 14. d5 Nc4 15. Rb1
Qa5 16. a4 bxa4 17. Bd3 Qb4 18. b3 Na3 19. Bxa3 Qxa3 20. Nd2 c4 21. Nxc4 Qc5
22. b4 Qc7 23. Qxa4 f5 24. f3 fxe4 25. fxe4 Rxf1+ 26. Rxf1 Rf8 27. Rxf8+ Bxf8
28. Qa5 Qd7 29. Nd4 Nc8 30. Ne6 Be7 31. Qa1 Bd8 32. Qf1 Be7 33. Na5 Nb6 34. Qa1
Bh4 35. Nxb7 Qxb7 36. g3 1-0

[Event "First Saturday GM DR May 2013"]
[Site "Budapest"]
[Date "2013.05.09"]
[Round "7.1"]
[White "Atabayev, Yusup"]
[Black "Atabayev, Maksat"]
[Result "1/2-1/2"]
[WhiteElo "2407"]
[BlackElo "2452"]
[PlyCount "30"]
[EventDate "2013.05.04"]

1. d4 d5 2. c4 c6 3. cxd5 cxd5 4. Nc3 Nf6 5. Bf4 a6 6. e3 Nc6 7. Bd3 g6 8. h3
Bg7 9. Nf3 O-O 10. O-O Bf5 11. Rc1 Bxd3 12. Qxd3 e6 13. Ne5 Nxe5 14. Bxe5 Nd7
15. Bxg7 Kxg7 1/2-1/2

[Event "First Saturday GM DR May 2013"]
[Site "Budapest"]
[Date "2013.05.09"]
[Round "7.2"]
[White "Chernyshov, Konstantin"]
[Black "Papp, Petra"]
[Result "1-0"]
[WhiteElo "2518"]
[BlackElo "2307"]
[PlyCount "77"]
[EventDate "2013.05.04"]

1. e4 c5 2. a3 d6 3. b4 cxb4 4. axb4 Nf6 5. d3 g6 6. c4 Bg7 7. Bb2 Qb6 8. Qd2
Nc6 9. Bc3 O-O 10. Qb2 a5 11. b5 Nb8 12. Be2 Nbd7 13. Nf3 e5 14. Qa3 a4 15. Bb4
Nc5 16. Nc3 Nfd7 17. O-O Qd8 18. Bd1 f5 19. Nxa4 fxe4 20. dxe4 Nxa4 21. Bxa4
Nb6 22. c5 Nxa4 23. Qb3+ Kh8 24. Rxa4 Rxa4 25. Qxa4 Rxf3 26. gxf3 Bh3 27. Bd2
Bxf1 28. Kxf1 dxc5 29. Ke2 h5 30. Bc3 Kh7 31. Qc4 Qb6 32. f4 Qd6 33. Qf7 Qb6
34. Qd7 Kh6 35. fxe5 Qa7 36. Bd2+ Kh7 37. e6 Qa4 38. f3 Qc4+ 39. Ke1 1-0

[Event "First Saturday GM DR May 2013"]
[Site "Budapest"]
[Date "2013.05.09"]
[Round "7.3"]
[White "Kalegin, Evgenij"]
[Black "Berczes, David"]
[Result "1/2-1/2"]
[WhiteElo "2447"]
[BlackElo "2532"]
[PlyCount "42"]
[EventDate "2013.05.04"]

1. e4 e5 2. Nf3 Nc6 3. Bb5 a6 4. Ba4 Nge7 5. Nc3 d6 6. a3 Bd7 7. Bb3 h6 8. d3
Ng6 9. Nd5 Be7 10. c3 O-O 11. h4 Bg4 12. g3 Re8 13. Ne3 Be6 14. Bxe6 fxe6 15.
h5 Nf8 16. Ng4 Nh7 17. Be3 Rf8 18. Qe2 Kh8 19. Kf1 Bg5 20. Kg2 Bxe3 21. Qxe3
Qe8 1/2-1/2

[Event "First Saturday GM DR May 2013"]
[Site "Budapest"]
[Date "2013.05.09"]
[Round "8.1"]
[White "Kalegin, Evgenij"]
[Black "Papp, Petra"]
[Result "0-1"]
[WhiteElo "2447"]
[BlackElo "2307"]
[PlyCount "62"]
[EventDate "2013.05.04"]

1. e4 c5 2. Nf3 d6 3. c3 Nf6 4. h3 Nc6 5. Bd3 e5 6. O-O g5 7. Bc4 g4 8. Ng5
gxh3 9. g3 Qe7 10. Bxf7+ Kd8 11. Bc4 Kc7 12. d4 exd4 13. cxd4 h6 14. Nf3 cxd4
15. Nh4 Qxe4 16. Nd2 Qg4 17. Be2 Qg7 18. Nb3 Ne4 19. Bf4 Be7 20. Nf3 Rf8 21.
Qc1 Bg5 22. Bxg5 hxg5 23. Nbxd4 h2+ 24. Kh1 g4 25. Nb5+ Kb8 26. Nh4 Qe5 27. Bc4
Rxf2 28. Rxf2 Nxg3+ 29. Kxh2 Ne2+ 30. Kh1 Nxc1 31. Rxc1 Qg5 0-1

[Event "First Saturday GM DR May 2013"]
[Site "Budapest"]
[Date "2013.05.09"]
[Round "8.3"]
[White "Atabayev, Yusup"]
[Black "Annageldyev, Orazly"]
[Result "1/2-1/2"]
[WhiteElo "2407"]
[BlackElo "2397"]
[PlyCount "88"]
[EventDate "2013.05.04"]

1. e4 e5 2. Nf3 Nc6 3. Bb5 Nf6 4. d3 Bc5 5. c3 d6 6. O-O O-O 7. Nbd2 a6 8. Ba4
Ba7 9. h3 b5 10. Bb3 Na5 11. Bc2 c5 12. Re1 h6 13. Nf1 Nc6 14. Ng3 Re8 15. Nh2
d5 16. Qf3 dxe4 17. dxe4 c4 18. Ng4 Nxg4 19. hxg4 Qh4 20. Nf5 Bxf5 21. gxf5
Rad8 22. g3 Qh3 23. Be3 Bxe3 24. Qxe3 h5 25. Bd1 h4 26. gxh4 Qxh4 27. Be2 Qf4
28. Qxf4 exf4 29. Red1 Ne5 30. Kg2 Kf8 31. b3 Rxd1 32. Rxd1 cxb3 33. axb3 Rc8
34. c4 bxc4 35. Bxc4 Nxc4 36. bxc4 Rxc4 37. Kf3 Rc8 38. Ra1 Ra8 39. Ra5 Ke7 40.
Kxf4 Kd6 41. e5+ Kc6 42. Ra3 a5 43. f6 gxf6 44. exf6 Ra7 1/2-1/2

[Event "First Saturday GM DR May 2013"]
[Site "Budapest"]
[Date "2013.05.10"]
[Round "9.1"]
[White "Annageldyev, Orazly"]
[Black "Chernyshov, Konstantin"]
[Result "1-0"]
[WhiteElo "2397"]
[BlackElo "2518"]
[PlyCount "119"]
[EventDate "2013.05.04"]

1. e4 g6 2. d4 Bg7 3. Nf3 c6 4. Nc3 d6 5. Bc4 Nf6 6. e5 dxe5 7. Nxe5 O-O 8. O-O
Nbd7 9. Bg5 Nb6 10. Bb3 Nfd5 11. Nxd5 cxd5 12. Bh4 Be6 13. Qe2 Re8 14. Rad1 a5
15. c3 a4 16. Bc2 Nc8 17. f4 Nd6 18. g4 Bf6 19. f5 Bc8 20. Nxf7 Nxf7 21. fxg6
Ng5 22. Bxg5 Bxg5 23. Qe5 h6 24. Rf7 Bf6 25. Qf4 Rf8 26. Qxh6 Rxf7 27. gxf7+
Kxf7 28. Qg6+ Ke6 29. g5 Qh8 30. gxf6 Qxf6 31. Re1+ Kd7 32. Qxf6 exf6 33. h4
Ra6 34. h5 Kd8 35. Bg6 Bd7 36. Re2 f5 37. Re5 Rb6 38. Bxf5 Be8 39. Be6 Bxh5 40.
Rxd5+ Kc7 41. Rc5+ Kb8 42. Bc4 Be8 43. b4 axb3 44. axb3 Rf6 45. Re5 Bd7 46. Re7
Bc6 47. Rf7 Rh6 48. Kf2 b5 49. Be2 Rh4 50. Ke3 b4 51. c4 Be4 52. Bf3 Bxf3 53.
Rxf3 Kc7 54. d5 Kd6 55. Rf4 Rh1 56. Rf6+ Kd7 57. Kd4 Rh3 58. Kc5 Rxb3 59. Rf7+
Ke8 60. Rb7 1-0

[Event "First Saturday GM DR May 2013"]
[Site "Budapest"]
[Date "2013.05.10"]
[Round "9.3"]
[White "Papp, Petra"]
[Black "Berczes, David"]
[Result "0-1"]
[WhiteElo "2307"]
[BlackElo "2532"]
[PlyCount "96"]
[EventDate "2013.05.04"]

1. e4 e5 2. Nf3 Nc6 3. Bb5 a6 4. Ba4 Nf6 5. O-O Be7 6. d3 d6 7. c3 O-O 8. Re1
Nd7 9. Bc2 Nb6 10. a4 a5 11. Be3 Ra6 12. Nbd2 Bg4 13. h3 Bh5 14. Qb1 Nd7 15. d4
exd4 16. Nxd4 Nxd4 17. cxd4 d5 18. g4 Bg6 19. f4 Bxe4 20. Nxe4 dxe4 21. Bxe4
Nf6 22. Bxb7 Rb6 23. Bg2 Bb4 24. d5 Re8 25. Re2 Nxd5 26. Bxb6 Rxe2 27. Bf2 Nxf4
28. Bf1 Qd5 29. Qf5 Qf3 30. Qxf4 Qxf4 31. Bxe2 Qe5 32. Bb5 Bc5 33. Bxc5 Qxc5+
34. Kf1 c6 35. Be2 Kf8 36. Rd1 Qc2 37. Rd8+ Ke7 38. Rb8 Qxa4 39. Rb7+ Kf6 40.
b3 Qf4+ 41. Kg2 Kg5 42. Bc4 Kh4 43. Rxf7 Qg3+ 44. Kf1 Qxh3+ 45. Kf2 Qxg4 46.
Ke3 Kg3 47. Rf1 Qg5+ 48. Ke2 Qe5+ 0-1

[Event "First Saturday GM DR May 2013"]
[Site "Budapest"]
[Date "2013.05.10"]
[Round "10.1"]
[White "Berczes, David"]
[Black "Atabayev, Maksat"]
[Result "1-0"]
[WhiteElo "2532"]
[BlackElo "2452"]
[PlyCount "81"]
[EventDate "2013.05.04"]

1. d4 Nf6 2. c4 c5 3. d5 e6 4. Nc3 exd5 5. cxd5 d6 6. Nf3 g6 7. Nd2 a6 8. a4
Bg7 9. e4 O-O 10. Be2 Re8 11. O-O Nbd7 12. f4 Rb8 13. Kh1 Qc7 14. e5 dxe5 15.
Nc4 b5 16. axb5 axb5 17. fxe5 Nxe5 18. Nxe5 Rxe5 19. Bf4 c4 20. Qd4 Nd7 21. Ra7
Qb6 22. Qxb6 Rxb6 23. Bxe5 Bxe5 24. Ra8 Bb8 25. Ra5 Be5 26. Rxb5 Ba6 27. Rxb6
Nxb6 28. Ra1 Bc8 29. Ra5 Kg7 30. Na4 Nxa4 31. Rxa4 Bxb2 32. Rxc4 Bd7 33. Bg4
Bxg4 34. Rxg4 Be5 35. Re4 Kf6 36. Re2 h5 37. Kg1 Bd6 38. h3 Bg3 39. Re3 Bd6 40.
Kf1 Kg7 41. Ke2 1-0

[Event "First Saturday GM DR May 2013"]
[Site "Budapest"]
[Date "2013.05.10"]
[Round "10.2"]
[White "Kalegin, Evgenij"]
[Black "Annageldyev, Orazly"]
[Result "0-1"]
[WhiteElo "2447"]
[BlackElo "2397"]
[PlyCount "48"]
[EventDate "2013.05.04"]

1. e4 c5 2. Nf3 d6 3. d4 cxd4 4. Nxd4 Nf6 5. Nc3 a6 6. h3 Nc6 7. g4 Qb6 8. Nf5
h5 9. Bg2 hxg4 10. hxg4 Rxh1+ 11. Bxh1 Be6 12. g5 Nd7 13. Ne3 Rc8 14. Ned5 Qa5
15. Bd2 Nde5 16. Ne2 Qd8 17. Nef4 Bg4 18. f3 Nd4 19. fxg4 Nxc2+ 20. Kf1 Nxa1
21. Ne3 e6 22. Qxa1 Qxg5 23. Nh3 Qh4 24. Nf2 Nd3 0-1

[Event "First Saturday GM DR May 2013"]
[Site "Budapest"]
[Date "2013.05.10"]
[Round "10.3"]
[White "Chernyshov, Konstantin"]
[Black "Atabayev, Yusup"]
[Result "1/2-1/2"]
[WhiteElo "2518"]
[BlackElo "2407"]
[PlyCount "133"]
[EventDate "2013.05.04"]

1. f4 d5 2. Nf3 Nf6 3. b3 g6 4. Bb2 Bg7 5. e3 O-O 6. Be2 Bg4 7. O-O Nbd7 8. Ne5
Bxe2 9. Qxe2 Ne8 10. d3 f5 11. Nd2 Nxe5 12. fxe5 e6 13. e4 dxe4 14. dxe4 Qe7
15. Nf3 f4 16. Rad1 g5 17. h3 Kf7 18. Rd3 Kg6 19. Rfd1 h5 20. Kh1 Bh6 21. Rd7
Qc5 22. Nd4 Ng7 23. Nb5 Qe3 24. Qf3 g4 25. hxg4 Bg5 26. Bc1 hxg4 27. Bxe3 gxf3
28. Bf2 fxg2+ 29. Kxg2 f3+ 30. Kf1 Rh8 31. Nd4 Rh1+ 32. Bg1 Rf8 33. Nxf3 Rxf3+
34. Kg2 Rhh3 35. R1d3 Rhg3+ 36. Kh1 Rxd3 37. cxd3 Ne8 38. Bxa7 Rh3+ 39. Kg2 Rh7
40. Rxh7 Kxh7 41. Kf3 Kg6 42. d4 c6 43. Bb6 Kf7 44. Ke2 Ke7 45. Kd3 Kd7 46. Kc4
Nc7 47. a4 Be7 48. b4 Na8 49. Bc5 Bd8 50. b5 cxb5+ 51. Kxb5 Nc7+ 52. Kc4 Kc6
53. Bd6 Bg5 54. a5 Na6 55. d5+ Kd7 56. Kb5 Be3 57. Kc4 Bf2 58. Kb5 Ba7 59. Kc4
Bf2 60. Kb5 Be3 61. Kc4 Bg5 62. Kb5 Bd8 63. Ka4 Nc7 64. Bxc7 Kxc7 65. Kb5 Kb8
66. a6 bxa6+ 67. Kxa6 1/2-1/2

[Event "First Saturday GM DR May 2013"]
[Site "Budapest"]
[Date "2013.05.11"]
[Round "11.2"]
[White "Annageldyev, Orazly"]
[Black "Berczes, David"]
[Result "0-1"]
[WhiteElo "2397"]
[BlackElo "2532"]
[PlyCount "108"]
[EventDate "2013.05.04"]

1. d4 d5 2. c4 c6 3. Nf3 Nf6 4. e3 Bg4 5. Nbd2 e6 6. Bd3 Nbd7 7. h3 Bh5 8. Qb3
Qc7 9. cxd5 cxd5 10. Ne5 Nxe5 11. dxe5 Nd7 12. O-O Nxe5 13. Qa4+ Nc6 14. Qh4
Qe5 15. Bb5 Be7 16. Qa4 O-O 17. Bxc6 bxc6 18. Qxc6 Bd6 19. g3 Rfc8 20. Qa4 Qg5
21. Kg2 Bg6 22. Nf3 Qf6 23. Ne1 Be4+ 24. Kh2 h5 25. f4 Rxc1 26. Rxc1 Qxb2+ 27.
Rc2 Bxc2 28. Nxc2 Rc8 29. Rf2 Rc4 30. Qb3 Qxb3 31. axb3 Rc3 32. b4 Rb3 33. Kg2
a6 34. Kf3 Rb2 35. g4 hxg4+ 36. hxg4 Kf8 37. Re2 Ke8 38. f5 Kd7 39. fxe6+ fxe6
40. e4 dxe4+ 41. Kxe4 Bxb4 42. Kd3 a5 43. Re5 Rb3+ 44. Ke2 Bc3 45. Re4 Kd6 46.
Ne3 Bb4 47. Rd4+ Ke5 48. Rd7 Rc3 49. Rxg7 Ke4 50. Nd1 Rc2+ 51. Kf1 a4 52. Rg6
e5 53. Ra6 Rd2 54. Nf2+ Ke3 0-1

[Event "First Saturday GM DR May 2013"]
[Site "Budapest"]
[Date "2013.05.11"]
[Round "11.3"]
[White "Atabayev, Maksat"]
[Black "Papp, Petra"]
[Result "1-0"]
[WhiteElo "2452"]
[BlackElo "2307"]
[PlyCount "165"]
[EventDate "2013.05.04"]

1. e4 e5 2. Nf3 Nc6 3. Bb5 a6 4. Ba4 Nf6 5. O-O b5 6. Bb3 Bc5 7. a4 Rb8 8. axb5
axb5 9. Re1 d6 10. c3 O-O 11. d4 Bb6 12. Qd3 b4 13. Nbd2 bxc3 14. bxc3 Bg4 15.
Ba4 Ra8 16. Bb2 Bd7 17. Bb3 Rb8 18. Ba3 Re8 19. Rab1 h6 20. h3 Ra8 21. Bc1 Rb8
22. Nf1 Nh5 23. Be3 Qf6 24. N1d2 Nf4 25. Bxf4 Qxf4 26. Bc2 Re6 27. Qe3 Qxe3 28.
fxe3 Ree8 29. Nc4 Ba7 30. Ra1 Rb7 31. Ba4 Nb8 32. Bxd7 Nxd7 33. Nfd2 Bb6 34.
Reb1 Rbb8 35. Kf2 Ra8 36. Ke2 Rxa1 37. Rxa1 d5 38. Nxb6 Nxb6 39. exd5 exd4 40.
cxd4 Nxd5 41. Nc4 Nf4+ 42. Kf3 Ne6 43. Ra6 Rd8 44. Ne5 Rd6 45. Ra8+ Rd8 46. Ra7
g6 47. Nc6 Rd7 48. d5 Ng5+ 49. Kf4 Kg7 50. h4 Nh7 51. e4 Nf6 52. g4 Ne8 53. Ra8
Kf8 54. g5 hxg5+ 55. hxg5 f5 56. gxf6 Rh7 57. e5 Rh1 58. e6 Rf1+ 59. Kg5 Rf5+
60. Kxg6 Rxf6+ 61. Kg5 Rf1 62. Rd8 Rf2 63. Ne5 Rg2+ 64. Kf4 Rg1 65. Kf3 Rg8 66.
Nc6 Rg1 67. Ke4 Rg4+ 68. Kf3 Rg1 69. Kf2 Rg5 70. Nd4 Rg4 71. Ke3 Rg3+ 72. Kf4
Rg1 73. Nf5 Rd1 74. Ke4 Re1+ 75. Kd4 Rg1 76. Rd7 Rd1+ 77. Kc5 Rc1+ 78. Kb5 Rb1+
79. Kc6 Rc1+ 80. Kb7 Rb1+ 81. Kc8 Kg8 82. Rd8 Kf8 83. Kd7 1-0